| 000 | 01019nam a22002537a 4500 | ||
|---|---|---|---|
| 008 | 240610b mp ||||| |||| 00| 0 mon d | ||
| 020 | _a978-99973-1-510-6 | ||
| 035 | _a25404 | ||
| 040 |
_aHUV0167120 _bmon _cMN-UlNLM _dMN-UlNLM _erda |
||
| 041 | _amon | ||
| 042 | _a66582 | ||
| 084 |
_2NNA _a84.8(7АНУ) _bК.414 |
||
| 100 | _aКинни Ж. | ||
| 245 | 0 | _aДүрсгүй жаалын өдрийн тэмдэглэл =Diary of Wimpy Kid | |
| 264 |
_aУлаанбаатар _bЦэнхэр гүзээзлгэнэ _c2020 |
||
| 300 | _a224х. | ||
| 336 |
_2rdacontent _atext _btxt |
||
| 337 |
_2rdamedia _aunmediated _bn |
||
| 338 |
_2rdacarrier _avolume _bnc |
||
| 490 | _v2 | ||
| 650 | _aДунд сургуульд тохиолдсон адал явдлуудын тухай Грегийн тэмдэглэл, сахлаа өдөрт хоёр удаа хусах шаардлагатай томоохон биетэй хөвг... | ||
| 942 |
_2NNA _cBK |
||
| 999 |
_c1057468 _d1057525 |
||